| 000 | 00886nam a2200289Ia 4500 | ||
|---|---|---|---|
| 001 | H4901 | ||
| 003 | IT-RoPAU | ||
| 008 | 130308s9999 xx 000 0 und d | ||
| 040 | _aIT-RoPAU | ||
| 040 | _cIT-RoPAU | ||
| 041 | _aITALIANO | ||
| 100 | _aTesta Carlo | ||
| 100 | _gCodice Aut. SPICS: 55750 | ||
| 245 | _aAlla ricerca del modello perduto. Rivette, Balzac e le imprudenze dell'arte | ||
| 245 | _bCinema / Pittura. Dinamiche di Scambio | ||
| 250 | _a1a ed. | ||
| 260 | _aTORINO | ||
| 260 | _bLindau | ||
| 260 | _c2003 [1° Ed.:2003 - Ed.Ling.Originale:2003] | ||
| 300 | _a"14 p. (prefazione: no ; testo: 14 [pagine: 165-178])" | ||
| 500 | _aL'Essere e gli Esseri. Quattro Modi di Lettura. La bella Scontrosa. Imprudenze di Tempi che Furono. | ||
| 650 | _aSAGGI SUL CINEMA | ||
| 650 | _eCodice materia Spics: 6811 | ||
| 942 | _cBK | ||
| 957 | _71 | ||
| 999 |
_c83754 _d83754 |
||
| 999 | _g1 | ||